Kráľ a bylinkár Povesti

Bibliographic Details
Main Author: Hujík, Vlado, 1945- (Author)
Other Authors: Šida, A. (gup)
Format: Article
Language:Slovak
Subjects:

MARC

LEADER 00000nab a2200000 a 4500
001 vtls000058726
003 SK-MaSNL
005 20260303030645.0
008 111103c1980 xo 0 slo
015 |a SNBRB19rr/mm-uuuuu 
035 |a CL0068823 
040 |a SNKBUCL  |b slo  |c SNKBUCL  |e AACR2 
041 0 |a slo 
044 |a xo  |c SK 
080 |a 885.4-93  |2 1981 
080 |a 398.2(=854)  |2 1981 
100 1 |a Hujík, Vlado,  |d 1945-  |4 aut  |9 156409 
245 1 0 |a Kráľ a bylinkár  |b Povesti  |c Vlado Hujík ; A. Šida 
650 0 7 |a povesti ľudové  |2 snkbucl  |9 756583 
655 7 |a články z novín a časopisov  |2 snkbucl  |9 267496 
655 7 |a články z odboru literárna veda a krásna literatúra  |2 snkbucl  |9 770045 
700 1 |a Šida, A.  |4 gup  |9 924253 
773 0 |t Smer  |g Roč. 32, č. 69 (21. 3. 1980), s. /11/ 
850 |a Slovenská národná knižnica v Martine  |a MTA001 
852 |a SNK  |b KIS3GCP 
958 |a RK 
958 |a LX 
992 |a RBX 
999 |c 1653607  |d 1655537